| 000 | 00305nam a22001097a 4500 | ||
|---|---|---|---|
| 082 |
_a669.95 _bLAB _cL-17, P-32 |
||
| 245 | _aLaboratory Manual in Metallography | ||
| 260 |
_aNew York _bMcGraw Hill _cc1946 |
||
| 300 |
_avii, p 344 _bill _c22 cm |
||
| 526 |
_a0 _b0 _c0 _d669_950000000000000_LAB |
||
| 942 |
_2ddc _cBK |
||
| 999 |
_c548902 _d548902 |
||